| 000 | 00544nam a2200145Ia 4500 | ||
|---|---|---|---|
| 008 | 170221s9999 xx 000 0 und d | ||
| 100 | _aSvetlana Shlyakhova | ||
| 245 | _aPerception of Neighbouring Ethnic Groups in Polyethnic Regions | ||
| 245 | _cSvetlana Shlyakhova, Larisa Belova, Natalya Bolshakova, Olga Shestakova, Lyudmila Yashmanova | ||
| 260 | _bInternational Review of Management and Marketing | ||
| 260 | _c2016 | ||
| 300 | _a15 : 3 | ||
| 650 | _xMarketing. | ||
| 856 | _uhttp://www.econjournals.com/index.php/irmm/issue/view/86 | ||
| 999 |
_c312205 _d312205 |
||